000 00638nam a22002417a 4500
003 UA-OsUOA
001 41479
007 ta
008 20080725b un ||||| |||| 00| 0 ukr d
100 _aГоголь Микола
090 _a82-311.6
_bГ58
942 _cBK
040 _aUA-OsUOA
_bukr
_cUA-OsUOA
_dUA-OsUOA
245 _aТарас Бульба
300 _a148 с.
955 _a3
041 _aukr
080 _a82-311.6
260 _aВінніпег
_b"Тризуб"
_c1964
246 3 1 _aІсторична повість
650 7 _a82 Література. Літературознавство
_2UDC
999 _c439982
_d439982